Congress and its members. (Record no. 1955)
[ view plain ]
| 000 -LEADER | |
|---|---|
| fixed length control field | 01063cgm a2200325 4500 |
| 001 - CONTROL NUMBER | |
| control field | 11509390 |
| 003 - CONTROL NUMBER IDENTIFIER | |
| control field | OSt |
| 005 - DATE AND TIME OF LATEST TRANSACTION | |
| control field | 20230621084220.0 |
| 007 - PHYSICAL DESCRIPTION FIXED FIELD--GENERAL INFORMATION | |
| fixed length control field | goub---f |
| 008 - FIXED-LENGTH DATA ELEMENTS--GENERAL INFORMATION | |
| fixed length control field | 721218s1958 us 055 d fneng |
| 010 ## - LIBRARY OF CONGRESS CONTROL NUMBER | |
| LC control number | fia58003144 |
| 020 ## - INTERNATIONAL STANDARD BOOK NUMBER | |
| International Standard Book Number | 0871873451 |
| 040 ## - CATALOGING SOURCE | |
| Original cataloging agency | DLC |
| Transcribing agency | DLC |
| Modifying agency | DLC |
| 043 ## - GEOGRAPHIC AREA CODE | |
| Geographic area code | n-us--- |
| 050 10 - LIBRARY OF CONGRESS CALL NUMBER | |
| Classification number | JK1021 |
| 082 10 - DEWEY DECIMAL CLASSIFICATION NUMBER | |
| Classification number | 328 |
| Item number | DAV |
| 100 ## - MAIN ENTRY--PERSONAL NAME | |
| Titles and words associated with a name | Roger H. Davidson |
| 245 00 - TITLE STATEMENT | |
| Title | Congress and its members. |
| 261 ## - IMPRINT STATEMENT FOR FILMS (Pre-AACR 1 Revised) [OBSOLETE, CAN/MARC], [LOCAL, USA] | |
| Producing company | Congressional Quarterly Inc |
| Date of production, release, etc. | 1985 |
| 300 ## - PHYSICAL DESCRIPTION | |
| Extent | 477p |
| Other physical details | b&w. |
| Dimensions | 35 mm. |
| 440 #0 - SERIES STATEMENT/ADDED ENTRY--TITLE | |
| Title | Filmstrip on current affairs, |
| Volume/sequential designation | Oct. 1958 |
| 500 ## - GENERAL NOTE | |
| General note | With discussion manual. Manual lacking in L.C. |
| 520 ## - SUMMARY, ETC. | |
| Summary, etc. | Describes the responsibilities of Congress, the lawmaking process, the issues that will face the new Congress, and the characteristic daily activity of a congressman. With captions. |
| 610 10 - SUBJECT ADDED ENTRY--CORPORATE NAME | |
| Corporate name or jurisdiction name as entry element | United States. |
| Subordinate unit | Congress. |
| 650 #0 - SUBJECT ADDED ENTRY--TOPICAL TERM | |
| Topical term or geographic name as entry element | Legislation |
| Geographic subdivision | United States. |
| 700 ## - ADDED ENTRY--PERSONAL NAME | |
| Titles and other words associated with a name | Walter J. Oleszek |
| 730 0# - ADDED ENTRY--UNIFORM TITLE | |
| Uniform title | New York times. |
| 906 ## - LOCAL DATA ELEMENT F, LDF (RLIN) | |
| a | 7 |
| b | cbc |
| c | orignew |
| d | u |
| e | ncip |
| f | 19 |
| g | y-movingim |
| 942 ## - ADDED ENTRY ELEMENTS (KOHA) | |
| Source of classification or shelving scheme | Dewey Decimal Classification |
| Koha item type | Books |
| Withdrawn status | Lost status | Source of classification or shelving scheme | Damaged status | Not for loan | Home library | Current library | Date acquired | Total Checkouts | Full call number | Barcode | Date last seen | Price effective from | Koha item type |
|---|---|---|---|---|---|---|---|---|---|---|---|---|---|
| Dewey Decimal Classification | County Hall Archives | County Hall Archives | 06/21/2023 | 328 DAV | 10001640 | 06/21/2023 | 06/21/2023 | Books |
